00734nam a22002417a 450000500170000001000110001702000220002803500110005003700160006108200110007710000220008824500480011026000340015827000120019230000200020450000220022465000350024665000310028170000250031294200200033799900190035795201160037620170124110130.0 a940619 c00.00a0713911131 a940619 bCen Lib/Ret aNbKAY aKaye, M.M.932002 aPavilions /cby M.M. Kaye [and] Allen Lane  aLondon bPenguin books c2000 bLondon  a960p.c21cm(Hb) aIncludes glossary aHistorical literature 9104593 aHistorical fiction9104594 aLane, Allen 9104595 2ddccENhNmKAY c131525d131525 00104070aLbLd2015-07-15eCen Lib/Retg0.00l0oN KAYp940619r2015-07-15 00:00:00t1v0.00w2015-07-15yEN